Movie Word Quintets IX Quiz Stats

 Plays Quiz Updated Jan 14, 2018

Challenge
Share
Tweet
Score 0/30 Timer 08:00
9 Plays Today
% Correct
The Truman Show
93.5%
School of Rock
92.6%
The Rocky Horror Picture Show
87.9%
Seven Samurai
74%
Best in Show
73.3%
Blade Runner
73.1%
Water for Elephants
66.7%
The Maze Runner
63.6%
Seven Years in Tibet
62.3%
Seven Brides for Seven Brothers
59.7%
Quiz Show
58.9%
The Kite Runner
54.1%
Eyes Wide Shut
52.3%
Rock of Ages
49.4%
Seven Pounds
49%
% Correct
Big Eyes
45.3%
The Last Picture Show
42.7%
Seven Psychopaths
40.3%
Snake Eyes
37.6%
Rock Star
36.7%
The Shape of Water
31.2%
The Hills Have Eyes
25.6%
Lady in the Water
25.3%
For Your Eyes Only
22.2%
The Water Horse
20.6%
Runner Runner
17.9%
Picnic at Hanging Rock
14.8%
The Water Diviner
11%
Bad Day at Black Rock
10.1%
The Indian Runner
3.2%

You're not logged in!

Compare scores with friends on all Sporcle quizzes.
OR
Log In

You Might Also Like...

Show Comments

Extras

Top Quizzes Today


Score Distribution

Your Account Isn't Verified!

In order to create a playlist on Sporcle, you need to verify the email address you used during registration. Go to your Sporcle Settings to finish the process.

Report this User

Report this user for behavior that violates our Community Guidelines.

Details: